00760nam a2200241Ia 450000500170000000800410001702000150005804100080007308200200008110000300010124500770013125000220020830000250023065000160025565000210027165000220029270000320031426400490034633600270039533700330042233800280045504000350048320220316235725.0121119s2003 mx gr 000 0 spa  a96816691180 aspa04a536.2012 bR38C1 aRius de Riepen, Magdalena10aCalor y movimientobMagdalena Rius de Riepen, C. Mauricio Castro-Acuña aPrimera edición a107 páginasc21 cm14aCalor2LEMB14aMovimiento2LEMB14aTemperatura2LEMB1 aCastro-Acuña, C. Mauricio aMéxicobFondo de Cultura Económicac2003 atextobtxt2rdacontent asin mediaciónbn2rdamedia avolumenbnc2rdacarrier aCO-BoRNBPbspaerdacCO-BoRNBP